00383nam a22001337a 4500003000500000005001700005008004100022040000600063082001600069245010200085260003600187300001800223500000800241NUST20171120110553.0171120b xxu||||| |||| 00| 0 eng d c0 a631.583 GTZ aGreenhouse Gas Inventory Preparation Workshop:bAsia least-cost Greenhouse gas abatement strategy aIslamabadbGHG Inventoryc1996. aVarious pages aP.B